Obras completas: libros de poesía 1946-1974

Uloženo v:
Podrobná bibliografie
Hlavní autor: Florit, Eugenio (autor)
Médium: Kniha
Jazyk:španělština
Vydáno: Filadelfia Society of Spanish and Spanish-American Studies 1983
Témata:
Tagy: Přidat tag
Žádné tagy, Buďte první, kdo vytvoří štítek k tomuto záznamu!

MARC

LEADER 00000nam a2200000 a 4500
001 UCT6653
003 CL-VaPUC
008 970113e19830000us |||||||||||||||||spa|d
082 0 4 |a Cu861  |b FLO  |2 21 
100 |a Florit, Eugenio  |e autor  |9 376905 
245 1 0 |a Obras completas: libros de poesía 1946-1974 
300 |a v 
942 |c BK 
945 |d 19970113 00:00:00  |a rleighto 
260 |a Filadelfia  |b Society of Spanish and Spanish-American Studies  |c 1983 
650 0 |a Poesías cubanas  |9 316897 
583 |a last modification  |c 20171213 02:45:58  |k Rodrigo Vera 
999 |c 255335  |d 255333 
952 |0 0  |1 0  |4 0  |6 CU_861_000000000000000_FLO_1983  |7 0  |8 A  |9 277543  |a BIBEDU  |b BIBEDU  |d 2019-11-19  |h v.2  |i 326744K  |o Cu861 FLO 1983  |p 326744K  |r 2019-11-19  |w 2019-11-19  |y BK  |k LIT